Estudio Interdepartamental para determinar la situación de los/as animadores (Record no. 8592)
[ view plain ]
| 000 -LEADER | |
|---|---|
| campo de control de longitud fija | 00423nam a2200133Ia 4500 |
| 001 - NÚMERO DE CONTROL | |
| campo de control | 2148 |
| 008 - DATOS DE LONGITUD FIJA--INFORMACIÓN GENERAL | |
| campo de control de longitud fija | 241024s9999 xx 000 0 und d |
| 082 ## - NÚMERO DE LA CLASIFICACIÓN DECIMAL DEWEY | |
| Número de clasificación | RD/372/R426e/1997 |
| 100 ## - ENTRADA PRINCIPAL--NOMBRE DE PERSONA | |
| Nombre de persona | República Dominicana. Secretaría de Estado de Educación y Cultura |
| 245 #0 - MENCIÓN DEL TÍTULO | |
| Título | Estudio Interdepartamental para determinar la situación de los/as animadores |
| 260 ## - PUBLICACIÓN, DISTRIBUCIÓN, ETC. | |
| Nombre del editor, distribuidor, etc. | UNICEF |
| Fecha de publicación, distribución, etc. | 1997 |
| 901 ## - ELEMENTOS DE DATOS A LOCAL LDA (RLIN) | |
| a | 6/3/2012 2:30:49 p.m. |
No items available.